Detalles MARC
| 000 -LIDER |
| fixed length control field |
01519nam a22003977a 4500 |
| 001 - NÚMERO DE CONTROL |
| Identificador de número de control |
000557 |
| 003 - IDENTIFICACDOR DE NÚMERO DE CONTROL |
| control field |
DO-SdBNP |
| 005 - DATE AND TIME OF LATEST TRANSACTION |
| control field |
20171110094253.0 |
| 007 - CAMPOS FIJOS DE DESCRIPCIÓN FÍSICA |
| fixed length control field |
000557 |
| 008 - ELEMENTOS DE LONGITUD FIJA |
| fixed length control field |
151123b 1993 sp a ||||| |||| 00| 0 spa d |
| 020 ## - ISBN |
| International Standard Book Number |
847764764X (Obra completa) |
| 020 ## - ISBN |
| International Standard Book Number |
8477647658 (V. 1) |
| 020 ## - ISBN |
| International Standard Book Number |
8477647666 (V. 2) |
| 020 ## - ISBN |
| International Standard Book Number |
8477647674 (V. 3) |
| 020 ## - ISBN |
| International Standard Book Number |
8477647682 (V.4) |
| 020 ## - ISBN |
| International Standard Book Number |
8477647690(V.5) |
| 020 ## - ISBN |
| International Standard Book Number |
8477647704 (V.6) |
| 040 ## - FUENTE DE CATALOGACIÓN |
| Agencia que crea de manera original el registro |
BPMSU |
| Idioma de catalogación |
spa |
| Agencia que realiza la transcripción |
BPMSU |
| 082 #4 - NÚMERO DE CLASIFICACIÓN DECIMAL DE DEWEY |
| Classification number |
624.18 |
| Item number |
G464b |
| 100 1# - ASIENTO PRINCIPAL -- NOMBRE PERSONAL |
| Nombre personal |
Gilbert, Vicente |
| 245 10 - MENCIÓN DE TITULO |
| Título |
Biblioteca Atrium de la construcción / |
| Mención de responsabilidad |
Vicente Gilbert; Ramón Graells; José Luis Ros ; dirección Carlos Gispert. |
| 260 0# - PUBLICACIÓN, DISTRIBUCIÓN, ETC. (PIE DE IMPRENTA) |
| Lugar de publicación, distribución, etc |
Barcelona : |
| Nombre del editor, distribuidor, etc. |
Océano/Centrum, |
| Fecha de publicación, distribución, etc |
1993. |
| 300 ## - DESCRIPCIÓN FÍSICA |
| Extensión |
6 v. : |
| Otros detalles físicos |
il. ; |
| Dimensiones |
30 cm. |
| 490 1# - MENCIÓN DE SERIES |
| Mención de serie |
Técnica de bibliotecas profesionales. |
| 505 0# - NOTA DE CONTENIDO |
| Información miscelánea |
v. 1 |
| Título |
Materiales para la construcción y sus aplicaciones. -- |
| Información miscelánea |
v. 2 |
| Título |
Necesidades constructivas. -- |
| Información miscelánea |
v. 3 |
| Título |
Instalaciones de una vivienda. -- |
| Información miscelánea |
v. 4 |
| Título |
Proyectos de obras singulares. -- |
| Información miscelánea |
v. 5 |
| Título |
Elementos constructivos. -- |
| Información miscelánea |
v. 6 |
| Título |
Características del proyecto. -- |
| 650 #4 - ENCABEZAMIENTO DE MATERIA--TEMÁTICO |
| Término temático o nombre geográfico como elemento de entrada |
INDUSTRIA DE LA CONSTRUCCIÓN |
| 650 #4 - ENCABEZAMIENTO DE MATERIA--TEMÁTICO |
| Término temático o nombre geográfico como elemento de entrada |
CONSTRUCCIÓN |
| Subdivisión temática general |
EQUIPO |
| 700 12 - ASIENTO SECUNDARIO -- NOMBRE PERSONAL |
| Nombre personal |
Graells, Rámon |
| 700 12 - ASIENTO SECUNDARIO -- NOMBRE PERSONAL |
| Nombre personal |
Ros, José Luis |
| 700 12 - ASIENTO SECUNDARIO -- NOMBRE PERSONAL |
| Nombre personal |
Gispert, Carlos |
| 830 #0 - ASIENTO SECUNDARIO DE SERIE--TÍTULO UNIFORME |
| Título uniforme |
Técnica de bibliotecas profesionales. |
| 910 ## - VALIDACIÓN |
| Validación |
Validado. Control de calidad MFF |
| 942 ## - ADDED ENTRY ELEMENTS (KOHA) |
| Source of classification or shelving scheme |
Dewey Decimal Classification |
| Koha item type |
Libros |
| 945 ## - INFORMACIÓN DE PROCESAMIENTO LOCAL |
| Información de procesamiento local |
Invetariado extranjero / 2017 VM |
| 956 ## - LOCAL ELECTRONIC LOCATION AND ACCESS (OCLC) |
| Nombre de host |
Lorenza Pérez |
| Número de acceso |
10 |
| Método de acceso |
20161017 |
| Materiales especificados |
BPMSU |
| Enlace |
00041 |